KOHA-Header-6

Human Resource Management (Record no. 9353)

000 -LEADER
fixed length control field 00258nam a2200109Ia 4500
100 ## - MAIN ENTRY--AUTHOR NAME
Personal name Gary Dessler
245 #0 - TITLE STATEMENT
Title Human Resource Management
260 ## - PUBLICATION, DISTRIBUTION, ETC. (IMPRINT)
Place of publication New Delhi
Name of publisher Addison
Year of publication 2003
300 ## - PHYSICAL DESCRIPTION
Number of Pages 154
942 ## - ADDED ENTRY ELEMENTS (KOHA)
Koha item type Books
Holdings
Withdrawn status Lost status Collection code Permanent Location Current Location Shelving location Date acquired Full call number Accession Number Koha item type
    Management MAJU MAJU   2019-09-14 891.43 4991 Management

Powered by Koha